Basic Business Statistics / Concepts and Applications (Record no. 2589)
[ view plain ]
| 000 -LEADER | |
|---|---|
| fixed length control field | 01332cam a22002174a 4500 |
| 005 - ΗΜΕΡΟΜΗΝΙΑ ΚΑΙ ΩΡΑ ΤΕΛΕΥΤΑΙΑΣ ΕΝΗΜΕΡΩΣΗΣ | |
| Πεδίο ελέγχου | 20250605164047.0 |
| 008 - FIXED-LENGTH DATA ELEMENTS--GENERAL INFORMATION | |
| Πεδίο ελέγχου σταθερού μήκους | 250528s ||||||||||||||||||||||||d |
| 035 ## - SYSTEM CONTROL NUMBER | |
| System control number | 17150 |
| 020 ## - ISBN | |
| ISBN | 130657808 |
| 040 ## - ΠΗΓΗ ΚΑΤΑΛΟΓΟΓΡΑΦΗΣΗΣ | |
| Φορέας πρωτότυπης καταλογογράφησης | MC Athens Campus Library |
| Γλώσσα καταλογογράφησης | Ελληνικά, Μοντέρνα (1453-) |
| Modifying agency | MC Athens Campus Library |
| Κανόνες περιγραφικής καταλογογράφησης | AACR2 |
| 245 1# - ΤΙΤΛΟΣ ΚΑΙ ΔΗΛΩΣΗ ΥΠΕΥΘΥΝΟΤΗΤΑΣ | |
| Τίτλος | Basic Business Statistics / Concepts and Applications |
| 250 ## - EDITION STATEMENT | |
| Edition statement | 5th |
| 260 ## - PUBLICATION, DISTRIBUTION, ETC. | |
| Name of publisher, distributor, etc. | Prentice Hall International, |
| Date of publication, distribution, etc. | 1992 |
| 300 ## - PHYSICAL DESCRIPTION | |
| Extent | 960 |
| 520 ## - SUMMARY, ETC. | |
| Summary, etc. | Preface, Introduction, Data Collection, Describing and Summarizing Data, Data Presentation, Using the Computer for Descriptive Statistical Analysis, Basic Probability, Some Important Discrete Probability Distributions, The Normal Distribution, Sampling Distributions, Estimation, Hypothesis Testing I: Introduction and Concepts, Hypothesis Testing II: Differences Between Quantitative Variables, Hypothesis Testing III: Differences Between Proportions and Other Chi-Square Tests, The Analysis of Variance, Nonparametric Methods, The Simple Linear Regression Model and Correlation, Multiple Regression Models, Index Numbers and Time Series and Business Forecasting, Statistical Applications in Quality and Productivity Management, Answers to Selected Problems, Appendices, Index. |
| 700 1# - ΠΡΟΣΘΕΤΗ ΑΝΑΓΡΑΦΗ--ΦΥΣΙΚΟ ΠΡΟΣΩΠΟ | |
| Personal name | Berenson Mark L. |
| 9 (RLIN) | 3298 |
| 700 1# - ΠΡΟΣΘΕΤΗ ΑΝΑΓΡΑΦΗ--ΦΥΣΙΚΟ ΠΡΟΣΩΠΟ | |
| Personal name | Levine David M |
| 9 (RLIN) | 3299 |
| 942 ## - ADDED ENTRY ELEMENTS (KOHA) | |
| Koha item type | Books |
| Τύπος τεκμηρίου | Βιβλιοθήκη | Τρέχουσα τοποθεσία | Barcode | Αριθμός εισαγωγής | Ημερομηνία απόκτησης | Ταξιθετικό σύμβολο | Αριθμός αντιτύπου | Κατάσταση απόσυρσης | Κατάσταση χαμένου | Κατάσταση κατεστραμμένου | Μη δανεισμός | Σύνολο δανεισμών | Ημερομηνία τελευταίας εμφάνισης | Η τιμή ισχύει από |
|---|---|---|---|---|---|---|---|---|---|---|---|---|---|---|
| Books | MC Athens Campus Library | MC Athens Campus Library | 9780000025883 | 8088 | 05/06/2025 | 519.502465 BER | 2 | 05/06/2025 | 05/06/2025 |